Т. 10 : Геологическое строение и минерагения СССР. Кн. 2 : Закономерности размещения полезных ископаемых СССР; Геологическое строение СССР и закономерности размещения полезных ископаемых

التفاصيل البيبلوغرافية
Parent link:Геологическое строение СССР и закономерности размещения полезных ископаемых: в 10 т./ Академия наук СССР (АН СССР) ; гл. ред. Е. А. Козловский. Т. 10 : Геологическое строение и минерагения СССР. Кн. 2 : Закономерности размещения полезных ископаемых СССР.— , 1984-1989
مؤلفون آخرون: Габриэлянц Г. А. (редактор), Кривцов А. И., Терентьев В. М.
اللغة:الروسية
منشور في: 1989
الموضوعات:
التنسيق: MixedMaterials كتاب
KOHA link:https://koha.lib.tpu.ru/cgi-bin/koha/opac-detail.pl?biblionumber=254391

MARC

LEADER 00000nam2a2200000 4500
001 254391
005 20231101232930.0
010 |a 5247020634 
035 |a (RuTPU)RU\TPU\book\276847 
035 |a RU\TPU\book\275437 
090 |a 254391 
100 |a 20140320d1989 k y0rusy50 ca 
101 0 |a rus 
102 |a RU 
105 |a a z 000zy 
200 0 |a Т. 10 : Геологическое строение и минерагения СССР. Кн. 2 : Закономерности размещения полезных ископаемых СССР  |f под ред. Г. А. Габриэлянца, А. И. Кривцова, В. М. Терентьева 
210 |d 1989 
215 |a 620 с.  |c ил. 
461 1 |0 (RuTPU)RU\TPU\book\33517  |t Геологическое строение СССР и закономерности размещения полезных ископаемых  |o в 10 т.  |f Академия наук СССР (АН СССР) ; гл. ред. Е. А. Козловский  |v Т. 10 : Геологическое строение и минерагения СССР. Кн. 2 : Закономерности размещения полезных ископаемых СССР  |d 1984-1989 
606 1 |a Геология  |y СССР  |2 stltpush  |3 (RuTPU)RU\TPU\subj\6121  |9 34079 
606 1 |a Минеральные ресурсы  |2 stltpush  |3 (RuTPU)RU\TPU\subj\44061  |9 63442 
610 1 |a геологическое строение 
610 1 |a СССР 
610 1 |a полезные ископаемые 
610 1 |a размещение 
610 1 |a минерагения 
610 1 |a нефть 
610 1 |a газ 
610 1 |a металлы 
610 1 |a районирование 
610 1 |a рудообразование 
610 1 |a зональность 
675 |a 55(47+57)  |v 3 
675 |a 553.04(47+57)  |v 3 
702 1 |a Габриэлянц  |b Г. А.  |4 340 
702 1 |a Кривцов  |b А. И.  |4 340 
702 1 |a Терентьев  |b В. М.  |4 340 
801 1 |a RU  |b 63413507  |c 20140311 
801 2 |a RU  |b 63413507  |c 20140523  |g RCR 
942 |c BK